00442nam a22001577a 450000500170000001000140001702000100003103500130004103700130005408200080006710000160007524500620009126000590015327000510021230000210026320100811150437.0 aENG-99793 c50.00 aEN-83325 bDBAD/PUB a483 aMari, Muthu aEnglish grammar :ba student's companion /cby Muthu Mari aCoimbatorebSri Sakthi Promotional Litho Processc2008 aRobertson Road, R.S. PurambCoimbatoree641002 a57p.c20cm (pbk)